States with the Most % Midwestern Transplants - Statistics

General Stats
  • This quiz has been taken 30 times
  • The average score is 5 of 8
Answers on the Map
Answers color-coded by a green-red scale on the quiz's map according to % correct below.
 
Answer Stats
Hint Answer % Correct
11 Florida
88%
15 Arizona
84%
12 Nevada
80%
18 Colorado
72%
15 Montana
60%
19 Wyoming
56%
12 Alaska
44%
10 Arkansas
16%
No matching quizzes found
Score Distribution
Percent of People with Each Score
Percentile by Number Answered
Your Score History
You have not taken this quiz